Gençler! Okuyun, Okumazsanız Canınıza Okurlar! (Record no. 1270420)

MARC details
000 -LEADER
sabit uzunluktaki kontrol alanı 00303nam a2200109Ia 4500
001 - KONTROL NUMARASI
kontrol alanı 1270420
005 - EN SON İŞLEMİN TARİH VE ZAMANI
kontrol alanı 20260417151349.0
008 - SABİT-UZUNLUKTA VERİ ÖĞELERİ--GENEL BİLGİ
sabit uzunluktaki kontrol alanı 260417s9999 xx 000 0 und d
020 ## - ULUSLARARASI STANDART KİTAP NUMARASI
Uluslararası Standart Kitap Numarası 9786258124262
245 #0 - ESER / YAZAR
ESER ADI Gençler! Okuyun, Okumazsanız Canınıza Okurlar!
Yazar Adı Adem Dere
260 ## - YAYIN, DAĞITIM, VB.
YAYIN EVİ Beyan Yayınları
Holdings
Düşüm durumu Kayıp durumu Hasar Durumu Ödünç verilmez Ana kütüphane Geçerli Kütüphane Edinilen tarih Toplam ödünç verme sayısı Barkod Son görüntüleme tarihi Fiyatın geçerli olmaya başladığı tarih Koha materyal türü
        YAZIR FARABİ ORTAOKULU YAZIR FARABİ ORTAOKULU 17.04.2026   1109368 17.04.2026 17.04.2026 Books